[Event "17.Città di Padova Open A"]
[Site "Padova"]
[Date "2014.12.17"]
[Round "5.18"]
[White "Sonis, Francesco"]
[Black "Drazic, Sinisa"]
[Result "0-1"]
[WhiteElo "2206"]
[BlackElo "2438"]
[Annotator "Gabriele Ballarin"]
[PlyCount "118"]
[EventDate "2014.12.14"]
[EventType "swiss"]
[EventRounds "9"]
[EventCountry "ITA"]

1. Nf3 c5 2. e4 d6 3. c3 Nf6 4. Be2 Nbd7 5. d3 b6 6. O-O Bb7 7. Re1 e6 8. Nbd2 Be7 9. Bf1 O-O 10. g3 Qc7 11. Bg2 Rac8 12. d4 e5 13. d5 g6 14. Nf1 Nh5 15. h4 Ndf6 16. Bh6 Ng7 17. N1h2 Kh8 18. Qd2 Ng8 19. Bxg7+ Kxg7 20. Rad1 Rcd8 21. Bh3 Bc8 22. Bxc8 Qxc8 23. Kg2 Nf6 24. Ng5 Nh5 25. Nh3 Rde8 26. g4 Nf6 27. f3 h5 28. g5 Nd7 29. c4 a6 30. a4 b5 31. b3 bxa4 32. bxa4 Qc7 33. Rb1 Rb8 34. Qc3 Rxb1 35. Rxb1 Rb8 36. Rb3 Rxb3 37. Qxb3 Qb6 38. Qa2 Qb4 39. Nf1 Nb6 40. Ne3 Nxa4 41. Nf2 Qa5 42. Ned1 Bd8 43. Qa1 Kg8 44. f4 exf4 45. e5 Qb4 46. exd6 Qxc4 47. Qe5 Qb5 48. Ne4 c4 49. Nec3 Nxc3 50. Nxc3 Qb2+ 51. Kf3 Bb6 52. Qe8+ Kg7 53. Ne4 Qb3+ 54. Kg2 f3+ 55. Kg3 f2+ 56. Kg2 f1=B+ 57. Kxf1 Qf3+ 58. Ke1 Ba5+ 59. Nd2 Qxd5 0-1

[Event "17.Città di Padova Open A"]
[Site "Padova"]
[Date "2014.12.17"]
[Round "5.19"]
[White "Andreoni, Giuseppe"]
[Black "Naumkin, Igor"]
[Result "0-1"]
[WhiteElo "2179"]
[BlackElo "2436"]
[Annotator "Gabriele Ballarin"]
[PlyCount "40"]
[EventDate "2014.12.14"]
[EventType "swiss"]
[EventRounds "9"]
[EventCountry "ITA"]

1. e4 e5 2. Nf3 Nc6 3. Bb5 a6 4. Ba4 Nf6 5. O-O Nxe4 6. d4 b5 7. Bb3 d5 8. dxe5 Be6 9. Be3 Be7 10. Nbd2 Nc5 11. Bxc5 Bxc5 12. c3 O-O 13. Bc2 Bg4 14. Nb3 Bb6 15. Qd3 g6 16. Nbd4 Nxd4 17. Nxd4 c5 18. Nc6 Qe8 19. Qxd5 Bd7 20. Be4 Rc8 {abb.} 0-1

[Event "17.Città di Padova Open A"]
[Site "Padova"]
[Date "2014.12.17"]
[Round "5.21"]
[White "Movileanu, Daniela"]
[Black "Lanzani, Mario"]
[Result "0-1"]
[WhiteElo "2145"]
[BlackElo "2302"]
[Annotator "Gabriele Ballarin"]
[PlyCount "84"]
[EventDate "2014.12.14"]
[EventType "swiss"]
[EventRounds "9"]
[EventCountry "ITA"]

1. e4 c5 2. Nf3 d6 3. d4 cxd4 4. Nxd4 Nc6 5. Nb5 e6 6. c4 Nf6 7. N5c3 Be7 8. g3 h5 9. h3 h4 10. g4 e5 11. Be3 Be6 12. Nd2 Nh7 13. Nf3 Ng5 14. Nxg5 Bxg5 15. Nb5 O-O 16. Be2 Bxe3 17. fxe3 Qb6 18. Qd2 Rac8 19. O-O Rfd8 20. Kh2 Ne7 21. b3 Ng6 22. g5 Rd7 23. Nc3 a6 24. Nd5 Qd8 25. Rg1 b5 26. cxb5 Bxd5 27. exd5 Rdc7 28. Rac1 Rxc1 29. Rxc1 Rxc1 30. Qxc1 axb5 31. Bxb5 Qxg5 32. Qg1 Qf5 33. Qg2 e4 34. Bc4 Ne5 35. a4 Nf3+ 36. Kh1 Qe5 37. Qf2 g5 38. a5 Qa1+ 39. Kg2 Qxa5 40. Be2 Qxd5 41. Bxf3 exf3+ 42. Qxf3 Qxf3+ 0-1

[Event "17.Città di Padova Open A"]
[Site "Padova"]
[Date "2014.12.17"]
[Round "5.22"]
[White "Vizireanu, Dragos"]
[Black "Pescatore, Lorenzo"]
[Result "0-1"]
[WhiteElo "1858"]
[BlackElo "2234"]
[Annotator "Gabriele Ballarin"]
[PlyCount "56"]
[EventDate "2014.12.14"]
[EventType "swiss"]
[EventRounds "9"]
[EventCountry "ITA"]

1. e4 c5 2. Nf3 Nc6 3. d4 cxd4 4. Nxd4 g6 5. Nc3 Bg7 6. Be3 Nf6 7. Be2 d6 8. f4 O-O 9. h3 Qb6 10. Nxc6 Qxe3 11. Nxe7+ Kh8 12. Qd3 Qxf4 13. Ned5 Nxd5 14. Nxd5 Qe5 15. Nc3 Be6 16. O-O-O Rac8 17. Bg4 Bxg4 18. hxg4 Qg5+ 19. Kb1 Qxg4 20. Qxd6 Qxg2 21. e5 Qg5 22. Ne4 Qxe5 23. Qxe5 Bxe5 24. Ng5 h5 25. Rd7 Rc7 26. Rhd1 Kg8 27. Rxc7 Bxc7 28. Rd7 Rd8 0-1

[Event "17.Città di Padova Open A"]
[Site "Padova"]
[Date "2014.12.17"]
[Round "5.23"]
[White "Dimitrijeski, Boris"]
[Black "Hocevar, Nikola"]
[Result "1-0"]
[WhiteElo "2251"]
[BlackElo "1913"]
[Annotator "Gabriele Ballarin"]
[PlyCount "99"]
[EventDate "2014.12.14"]
[EventType "swiss"]
[EventRounds "9"]
[EventCountry "ITA"]

1. d4 d5 2. c4 c6 3. Nf3 Nf6 4. Qb3 a6 5. Bf4 dxc4 6. Qxc4 Be6 7. Qc2 Qa5+ 8. Nbd2 Bf5 9. Qc3 Qxc3 10. bxc3 h6 11. Nc4 Nbd7 12. Na5 O-O-O 13. Nxc6 Re8 14. Nce5 Be6 15. c4 g5 16. Bg3 g4 17. Nd2 Nxe5 18. Bxe5 Rg8 19. e4 Nd7 20. Bf4 f6 21. Be2 h5 22. Nb3 Bf7 23. Be3 e5 24. d5 Bb4+ 25. Kd1 Kb8 26. a3 Be7 27. Kd2 Rc8 28. Bd3 Rc7 29. Ke2 Rgc8 30. a4 Nc5 31. Bxc5 Bxc5 32. h3 Bf8 33. hxg4 hxg4 34. g3 f5 35. Nd2 Bb4 36. Rh4 Bxd2 37. Kxd2 fxe4 38. Be2 Rg8 39. Rah1 Ka7 40. Rh7 Kb6 41. c5+ Ka5 42. d6 Rd7 43. Bc4 Rf8 44. Re1 Bxc4 45. Rxd7 Rxf2+ 46. Kc3 Bd5 47. Re2 Rf3+ 48. Kd2 Rd3+ 49. Kc2 Bc6 50. Rd8 1-0

[Event "17.Città di Padova Open A"]
[Site "Padova"]
[Date "2014.12.17"]
[Round "5.24"]
[White "Fregonese, Giulio"]
[Black "Quaranta, Cristiano"]
[Result "1-0"]
[WhiteElo "2129"]
[BlackElo "2169"]
[Annotator "Gabriele Ballarin"]
[PlyCount "135"]
[EventDate "2014.12.14"]
[EventType "swiss"]
[EventRounds "9"]
[EventCountry "ITA"]

1. e4 e5 2. Bc4 Nf6 3. d3 Nc6 4. Nf3 Be7 5. c3 O-O 6. Bb3 d5 7. Qe2 Be6 8. Bc2 Re8 9. Nbd2 b5 10. O-O d4 11. h3 h6 12. Nb3 dxc3 13. bxc3 a5 14. Be3 Nd7 15. Rfd1 a4 16. Nbd2 Ba3 17. d4 exd4 18. cxd4 Nb4 19. Bd3 c6 20. Nb1 Nxd3 21. Nxa3 Nb4 22. d5 cxd5 23. Qxb5 Qa5 24. Qxa5 Rxa5 25. Bd2 Rb8 26. Rab1 dxe4 27. Rxb4 Rxb4 28. Bxb4 Ra7 29. Nd2 Rb7 30. Bc3 Bxa2 31. Nxe4 Rb3 32. Rxd7 Rxa3 33. Bb4 Rb3 34. Bc5 a3 35. Ra7 Rb1+ 36. Kh2 Bd5 37. Nc3 a2 38. Nxa2 Ra1 39. Nb4 Rxa7 40. Bxa7 Be6 41. Nd3 g6 42. Bd4 h5 43. Nf4 Bc4 44. Kg3 Kf8 45. Bf6 Bb3 46. Kf3 Bc4 47. Ke4 Ke8 48. Ke5 Kd7 49. Bg5 Ke8 50. Kf6 Kf8 51. Ke5 Bb3 52. Bf6 Ba2 53. Nd5 Bc4 54. f4 Kg8 55. Bd8 Kg7 56. Ba5 Bf1 57. Ne3 Bd3 58. Bc3 Bb1 59. f5 Ba2 60. Kf4+ Kh6 61. Bb4 Bb1 62. Bf8+ Kh7 63. Kg5 Kg8 64. Bc5 Kh7 65. Bd4 Kg8 66. Kf6 Bd3 67. g3 Bb1 68. Nd5 1-0

[Event "17.Città di Padova Open A"]
[Site "Padova"]
[Date "2014.12.17"]
[Round "5.25"]
[White "Boraso, Alessio"]
[Black "Benetti, Lorenzo"]
[Result "1-0"]
[WhiteElo "2166"]
[BlackElo "1854"]
[Annotator "Gabriele Ballarin"]
[PlyCount "47"]
[EventDate "2014.12.14"]
[EventType "swiss"]
[EventRounds "9"]
[EventCountry "ITA"]

1. e4 d6 2. d4 Nf6 3. Nc3 g6 4. Be3 c6 5. Qd2 b5 6. Bd3 Nbd7 7. Nf3 a6 8. a4 b4 9. Ne2 Qa5 10. O-O Bg7 11. h3 Bb7 12. e5 Nd5 13. Bh6 O-O $11 14. Ng3 dxe5 15. Bxg7 Kxg7 16. dxe5 N5b6 17. Nh5+ gxh5 18. Qg5+ Kh8 19. Qh6 f5 20. Ng5 Rf7 21. Nxf7+ Kg8 22. Ng5 Nxe5 23. Qxh7+ Kf8 24. Qh8# 1-0

[Event "17.Città di Padova Open A"]
[Site "Padova"]
[Date "2014.12.17"]
[Round "5.26"]
[White "Redo, Giorgio"]
[Black "Sorbera, Giovanni"]
[Result "0-1"]
[WhiteElo "2084"]
[BlackElo "2166"]
[Annotator "Gabriele Ballarin"]
[PlyCount "50"]
[EventDate "2014.12.14"]
[EventType "swiss"]
[EventRounds "9"]
[EventCountry "ITA"]

1. f4 g5 2. fxg5 h6 3. d3 hxg5 4. Bxg5 d5 5. Nf3 Qd6 6. d4 Bh6 7. Qd2 Bxg5 8. Qxg5 Qb4+ 9. Nbd2 Nf6 10. O-O-O Nc6 11. e3 Be6 12. Bd3 O-O-O 13. Ne5 Nxe5 14. Qxe5 Rh5 15. Qf4 c5 16. a3 Qa4 17. dxc5 d4 18. c3 Rxc5 19. Bc2 Rxc3 20. Nb3 Rxc2+ 21. Kxc2 Qxb3+ 22. Kb1 Qa2+ 23. Kc1 d3 24. Qe5 Qa1+ 25. Kd2 Ne4+ {abb.} 0-1

[Event "17.Città di Padova Open A"]
[Site "Padova"]
[Date "2014.12.17"]
[Round "5.27"]
[White "Lantini, Marco"]
[Black "Mileto, Gabriele"]
[Result "1/2-1/2"]
[WhiteElo "2057"]
[BlackElo "2175"]
[Annotator "Gabriele Ballarin"]
[PlyCount "29"]
[EventDate "2014.12.14"]
[EventType "swiss"]
[EventRounds "9"]
[EventCountry "ITA"]

1. d4 d5 2. c4 e6 3. Nf3 Nf6 4. g3 dxc4 5. Bg2 c5 6. O-O Nc6 7. Qa4 Bd7 8. Qxc4 cxd4 9. Nxd4 Rc8 10. Nxc6 Bxc6 11. Bxc6+ Rxc6 12. Qa4 a6 13. Nc3 Be7 14. Bf4 O-O 15. Rac1 1/2-1/2

[Event "17.Città di Padova Open A"]
[Site "Padova"]
[Date "2014.12.17"]
[Round "5.28"]
[White "Viaggi, Stefano"]
[Black "Ballarin, Gabriele"]
[Result "1-0"]
[WhiteElo "2058"]
[BlackElo "1946"]
[Annotator "Gabriele Ballarin"]
[PlyCount "129"]
[EventDate "2014.12.14"]
[EventType "swiss"]
[EventRounds "9"]
[EventCountry "ITA"]

{[%mdl 8256] A21: Apertura Inglese: 1...e5 2 Cc3} 1. c4 e5 2. Nc3 d6 3. g3 f5 4. d3 Nf6 5. Bg2 c6 {Ultima mossa libro} 6. e4 Be7 7. Nge2 Na6 8. O-O O-O 9. Rb1 fxe4 10. dxe4 Be6 11. b3 Qe8 (11... Qc7 12. Qd2 $15) 12. Ba3 Qh5 13. Nc1 Bg4 14. f3 Be6 15. Nd3 Nd7 16. f4 Qe8 (16... Bg4 $5 17. Bf3 Bxf3 18. Qxf3 Qxf3 19. Rxf3 exf4 20. gxf4 Bf6 $14) 17. f5 $16 Bf7 18. Qe2 Nac5 19. Nf2 a5 20. Kh1 Qd8 21. Rbd1 Qc7 22. Ng4 Bh5 $4 (22... b6 $142 $14) 23. Nh6+ $1 $18 gxh6 24. Qxh5 Rf6 25. Bc1 Bf8 26. g4 Bg7 (26... Qb6 27. g5 hxg5 28. Bxg5 $18) 27. Rf3 (27. h4 Rd8 $18) 27... Nf8 $2 (27... Rf7 28. Qh4 Nf6 $18) 28. g5 hxg5 29. Bxg5 Ncd7 (29... Nfd7 30. Qh4 $18) 30. Bxf6 Nxf6 31. Qh4 Kf7 (31... Kh8 32. Rfd3 Rd8 33. Bf3 $18) 32. Rfd3 Ke7 (32... N8d7 33. Rxd6 Rf8 34. c5 $18) 33. Qg5 Bh8 34. Qd2 Ne8 35. Bf3 (35. c5 dxc5 36. Qg5+ Nf6 $18) 35... Nd7 36. Qh6 Ndf6 37. Qg5 Rd8 (37... b6 38. Na4 $18) 38. h4 (38. c5 $142 $5 Kf8 39. Qd2 Ke7 $18) 38... b6 39. a3 Kd7 40. Bh5 (40. b4 $5 axb4 41. axb4 Qa7 $18) 40... Kc8 41. Bxe8 Nxe8 42. b4 Bf6 43. Qg3 axb4 44. axb4 Qe7 (44... Be7 45. R3d2 Nf6 46. Ra2 $18) 45. Qh3 (45. b5 Qg7 $18) 45... Nc7 46. b5 c5 47. Nd5 Nxd5 48. Rxd5 (48. exd5 $6 Qf7 $18) 48... Kc7 49. Ra1 Rb8 (49... Kb8 $18) 50. Ra7+ Rb7 51. Rxb7+ (51. Qa3 $142 Qd7 52. Qa6 Rxa7 53. Qxa7+ Kd8 54. Qxb6+ Ke7 $18) 51... Kxb7 52. h5 Qf8 53. Qa3 Bd8 54. Qf3 Qf6 55. Qg4 Bc7 56. Rd1 Qh6 57. Rg1 Qe3 (57... Qf6 $18) 58. f6 Qf2 (58... d5 59. exd5 Qd4 $18) 59. Qg5 h6 60. Qf5 Qh4+ 61. Kg2 Bd8 62. f7 Be7 63. Rh1 Qf4 64. Qxf4 exf4 65. Kf3 1-0

[Event "17.Città di Padova Open A"]
[Site "Padova"]
[Date "2014.12.17"]
[Round "5.29"]
[White "Messina, Roberta"]
[Black "Di Lazzaro, Gabriele"]
[Result "1/2-1/2"]
[WhiteElo "2033"]
[BlackElo "1941"]
[Annotator "Gabriele Ballarin"]
[PlyCount "82"]
[EventDate "2014.12.14"]
[EventType "swiss"]
[EventRounds "9"]
[EventCountry "ITA"]

1. Nf3 d5 2. d4 Bg4 3. Nc3 e6 4. Ne5 Bf5 5. g4 Bg6 6. h4 f6 7. h5 Bf7 8. Nxf7 Kxf7 9. Bg2 Bb4 10. Qd3 c6 11. Bd2 Nd7 12. e4 Ne7 13. O-O-O Nb6 14. exd5 exd5 15. g5 Qd6 16. gxf6 gxf6 17. Rh4 Nc4 18. Ne4 Bxd2+ 19. Nxd2 Nxd2 20. Qxd2 Rag8 21. Bh3 Rg5 22. Re1 Nf5 23. Rf4 Ng7 24. h6 Nh5 25. Rf3 Kg6 26. Rh1 Rg8 27. Bf5+ Kf7 28. c3 Rg1+ 29. Rxg1 Rxg1+ 30. Kc2 Kg8 31. Qe3 Qf8 32. Qe6+ Kh8 33. Qe3 Rg5 34. Bd3 Qxh6 35. Rh3 Qg7 36. Qe2 Qf7 37. Qf3 f5 38. Qe3 h6 39. Qe5+ Kh7 40. f4 Rg2+ 41. Kb3 Ng7 $11 1/2-1/2

[Event "17.Città di Padova Open A"]
[Site "Padova"]
[Date "2014.12.17"]
[Round "5.30"]
[White "Polese, Marco"]
[Black "Bergamasco, Tommaso"]
[Result "1-0"]
[WhiteElo "1897"]
[BlackElo "2012"]
[Annotator "Gabriele Ballarin"]
[PlyCount "85"]
[EventDate "2014.12.14"]
[EventType "swiss"]
[EventRounds "9"]
[EventCountry "ITA"]

1. c4 Nf6 2. g3 g6 3. Bg2 Bg7 4. Nc3 d6 5. Nf3 c6 6. d4 Bg4 7. O-O O-O 8. Qb3 Qc8 9. e4 Nfd7 10. Be3 Bxf3 11. Bxf3 e5 12. Rad1 Na6 13. Bg2 Nc7 14. f4 b6 15. Bh3 exf4 16. Bxf4 Ne8 17. Bg2 h6 18. g4 g5 19. Bg3 Ndf6 20. h3 h5 21. e5 Nh7 22. Rf5 hxg4 23. hxg4 dxe5 24. dxe5 Bh8 25. Ne4 Ng7 26. Rxg5 Qe6 27. Rd6 Nxg5 28. Nf6+ Qxf6 29. Rxf6 N7e6 30. Rf5 Rad8 31. Qe3 Rd1+ 32. Kh2 f6 33. Bh4 Rf7 34. exf6 Bxf6 35. Bxg5 Nxg5 36. Rxg5+ Bxg5 37. Qxg5+ Rg7 38. Qf4 Rh7+ 39. Kg3 Rd3+ 40. Bf3 Rf7 41. Qg5+ Kf8 42. Qh6+ Ke7 43. Qxc6 1-0

[Event "17.Città di Padova Open A"]
[Site "Padova"]
[Date "2014.12.17"]
[Round "5.31"]
[White "Bordignon, Angelo"]
[Black "Karkovic, Mate"]
[Result "0-1"]
[WhiteElo "1808"]
[BlackElo "1999"]
[Annotator "Gabriele Ballarin"]
[PlyCount "152"]
[EventDate "2014.12.14"]
[EventType "swiss"]
[EventRounds "9"]
[EventCountry "ITA"]

1. e4 d6 2. Nc3 Nf6 3. g3 g6 4. Bg2 c5 5. d3 Nc6 6. h3 Bg7 7. Be3 Bd7 8. f4 e6 9. Qd2 Qa5 10. Bf2 Rb8 11. Nge2 b5 12. O-O b4 13. Nd1 O-O 14. g4 Rfd8 15. Bh4 Rdc8 16. f5 exf5 17. gxf5 Rf8 18. Ne3 Ne5 19. Nf4 h6 20. Bxf6 Bxf6 21. Nfd5 Bg5 22. Qf2 Qd8 23. f6 Bxe3 24. Qxe3 Kh7 25. Qg3 Be6 26. Ne7 Rb7 27. Rf2 Rxe7 28. fxe7 Qxe7 29. Raf1 Rg8 30. Kh1 g5 31. b3 Ng6 32. Rf6 Nf4 33. R6xf4 gxf4 34. Qxf4 Qg5 35. Qxg5 Rxg5 36. Kh2 Kg7 37. Rf4 Rg6 38. Bf3 Rf6 39. Rxf6 Kxf6 40. Kg3 Ke5 41. Bg4 Kd4 42. Bxe6 fxe6 43. Kg4 Kc3 44. Kh5 Kxc2 45. Kxh6 Kb2 46. Kg6 Kxa2 47. h4 Kxb3 48. h5 Kc2 49. h6 b3 50. h7 b2 51. h8=Q b1=Q 52. Qh2+ Kxd3 53. Qxd6+ Kxe4 54. Qxc5 Kf4+ 55. Kg7 Qb6 56. Qc4+ Ke5 57. Kf7 Qb7+ 58. Ke8 Kd6 59. Qf4+ e5 60. Qf6+ Kd5 61. Qf3+ e4 62. Qd1+ Kc6 63. Qd4 Qc8+ 64. Ke7 Qf5 65. Qa4+ Kb6 66. Qb4+ Ka6 67. Qc4+ Ka5 68. Qc7+ Kb4 69. Qb7+ Kc4 70. Qa6+ Kd4 71. Qa1+ Kd3 72. Qb1+ Ke2 73. Kd6 Qf3 74. Ke5 e3 75. Qc2+ Kf1 76. Qd3+ Kf2 0-1

[Event "17.Città di Padova Open A"]
[Site "Padova"]
[Date "2014.12.17"]
[Round "5.32"]
[White "Gallo, Enrico"]
[Black "Favero, Graziano"]
[Result "1-0"]
[WhiteElo "1982"]
[BlackElo "1834"]
[Annotator "Gabriele Ballarin"]
[PlyCount "62"]
[EventDate "2014.12.14"]
[EventType "swiss"]
[EventRounds "9"]
[EventCountry "ITA"]

1. e4 d6 2. d4 Nf6 3. Nc3 g6 4. Bc4 Bg7 5. Qe2 Nc6 6. e5 dxe5 7. dxe5 Nd7 8. Bxf7+ Kxf7 9. e6+ Ke8 10. exd7+ Qxd7 11. Nf3 Qe6 12. Be3 Bxc3+ 13. bxc3 Qf6 14. Nd4 e5 15. Nxc6 Qxc6 16. O-O Be6 17. Rfe1 Kf7 18. Bh6 Qxc3 $11 19. f4 Bc4 20. Qg4 Be6 21. Qh4 Qd4+ 22. Kh1 e4 23. Rad1 Qb4 24. a3 Qc3 25. Rxe4 Rhe8 26. Red4 c5 27. Bg5 h6 28. Bf6 cxd4 29. Bxd4 g5 30. Qh5+ Kg8 31. Qg6+ Kf8 1-0

[Event "17.Città di Padova Open A"]
[Site "Padova"]
[Date "2014.12.17"]
[Round "5.33"]
[White "Pompili, Ugo"]
[Black "Baschirotto, Marco Dante"]
[Result "0-1"]
[WhiteElo "1841"]
[BlackElo "1903"]
[Annotator "Gabriele Ballarin"]
[PlyCount "70"]
[EventDate "2014.12.14"]
[EventType "swiss"]
[EventRounds "9"]
[EventCountry "ITA"]

1. d4 d5 2. e3 Nf6 3. f4 e6 4. Nf3 c5 5. c3 Nc6 6. Bd3 Qc7 7. O-O Bd6 8. Ne5 O-O 9. Nd2 b6 10. g4 Bxe5 11. fxe5 Nd7 12. g5 Ndxe5 13. dxe5 Nxe5 14. Bc2 Bb7 15. Nf3 Ng6 16. Qe2 e5 17. e4 d4 18. Bd3 a6 19. c4 Rae8 20. h4 Qd7 21. Qg2 f5 22. gxf6 Rxf6 23. Bg5 Rf4 24. Nh2 Nxh4 25. Bxh4 Rxh4 26. Rf2 Rh6 27. Kh1 Rg6 28. Qf3 Rf6 29. Qe2 Ref8 30. Rxf6 Rxf6 31. Rf1 Rh6 32. Qf3 Qe7 33. Qg4 Rg6 34. Qf3 Bc8 35. Rf2 h6 {Nur} 0-1

[Event "17.Città di Padova Open A"]
[Site "Padova"]
[Date "2014.12.17"]
[Round "5.34"]
[White "Desideri, Alessandro"]
[Black "Zangrando, Gianpietro"]
[Result "1-0"]
[WhiteElo "1834"]
[BlackElo "1867"]
[Annotator "Gabriele Ballarin"]
[PlyCount "59"]
[EventDate "2014.12.14"]
[EventType "swiss"]
[EventRounds "9"]
[EventCountry "ITA"]

1. e4 e6 2. d3 g6 3. g3 Bg7 4. Bg2 Ne7 5. Nf3 c6 6. O-O O-O 7. Re1 d6 8. c3 Nd7 9. Bg5 h6 10. Be3 Kh7 11. Nbd2 Nf6 12. h4 Ng4 13. Ng5+ hxg5 14. Qxg4 gxh4 15. Qxh4+ Kg8 16. Nf3 f6 17. g4 Rf7 18. Rad1 Qf8 19. d4 Bh8 20. Qg3 Qd8 21. Bf1 e5 22. dxe5 fxe5 23. Nxe5 Bxe5 24. Qxe5 Bxg4 25. Rxd6 Qf8 26. Bc4 Re8 27. Bd4 Qh6 28. Rxg6+ Nxg6 29. Qxe8+ Qf8 30. Bxf7+ {abb.} 1-0

[Event "17.Città di Padova Open A"]
[Site "Padova"]
[Date "2014.12.18"]
[Round "6.13"]
[White "Naumkin, Igor"]
[Black "Pescatore, Lorenzo"]
[Result "1-0"]
[WhiteElo "2436"]
[BlackElo "2234"]
[Annotator "Gabriele Ballarin"]
[PlyCount "81"]
[EventDate "2014.12.14"]
[EventType "swiss"]
[EventRounds "9"]
[EventCountry "ITA"]

1. d4 d5 2. c4 c6 3. Nf3 Nf6 4. Nc3 e6 5. e3 Nbd7 6. Qc2 Bd6 7. Bd3 O-O 8. O-O dxc4 9. Bxc4 b5 10. Be2 Bb7 11. h3 Qb8 12. e4 e5 13. dxe5 Nxe5 14. Nxe5 Bxe5 15. Be3 c5 16. Bxb5 Bxe4 17. Qe2 Bxc3 18. bxc3 Qe5 19. f3 Bg6 20. Rfe1 Nd5 21. Bxc5 Qxe2 22. Bxe2 Rfe8 23. Bc4 Nxc3 24. Rxe8+ Rxe8 25. Bxa7 h5 26. Bf2 Rc8 27. Bf1 Ra8 28. a3 Nb1 29. a4 Nd2 30. Bb5 Nb3 31. Re1 Bc2 32. Re5 g6 33. Re7 Nc1 34. Rc7 Bxa4 35. Bxa4 Ne2+ 36. Kf1 Nf4 37. Rc4 Nd3 38. Bd4 Rb8 39. Bc2 Nf4 40. Be5 Nd5 41. Bxb8 {abb.} 1-0

[Event "17.Città di Padova Open A"]
[Site "Padova"]
[Date "2014.12.18"]
[Round "6.14"]
[White "Vezzosi, Paolo"]
[Black "Mrdja, Milan"]
[Result "1-0"]
[WhiteElo "2291"]
[BlackElo "2383"]
[Annotator "Gabriele Ballarin"]
[PlyCount "45"]
[EventDate "2014.12.14"]
[EventType "swiss"]
[EventRounds "9"]
[EventCountry "ITA"]

1. d4 e6 2. Nf3 Nf6 3. Bf4 c5 4. e3 Nc6 5. c3 Nh5 6. Bg5 f6 7. Bh4 g6 8. Nbd2 cxd4 9. Nxd4 Nxd4 10. cxd4 Be7 11. Bd3 O-O 12. O-O Ng7 13. e4 d5 14. e5 fxe5 15. Bxe7 Qxe7 16. dxe5 Qc7 17. Qe2 Qb6 18. Nf3 Bd7 19. Qe3 Rfc8 20. Qh6 Qxb2 21. Rab1 Qc3 22. Rxb7 Qxd3 23. Rxd7 1-0

[Event "17.Città di Padova Open A"]
[Site "Padova"]
[Date "2014.12.18"]
[Round "6.15"]
[White "Marguerettaz, Davy"]
[Black "Aghayev, Miragha"]
[Result "0-1"]
[WhiteElo "2223"]
[BlackElo "2372"]
[Annotator "Gabriele Ballarin"]
[PlyCount "61"]
[EventDate "2014.12.14"]
[EventType "swiss"]
[EventRounds "9"]
[EventCountry "ITA"]

1. e4 c5 2. Nf3 d6 3. d4 cxd4 4. Qxd4 Nc6 5. Bb5 Bd7 6. Bxc6 Bxc6 7. Nc3 e5 8. Qd3 h6 9. O-O Nf6 10. Re1 Be7 11. b3 a6 12. a4 O-O 13. Bb2 Qd7 14. a5 Nh5 15. Rad1 Nf4 16. Qf1 Qc7 17. g3 Nh5 18. Qh3 Nf6 19. Nh4 Bd7 20. Nf5 Bxf5 21. exf5 Qxa5 22. g4 Qb4 23. f3 Rac8 24. Rd3 Rfe8 25. Qg2 d5 26. Ra1 d4 27. Ne4 Nd5 28. Bc1 Qe1+ 29. Qf1 Qxf1+ 30. Kxf1 Rxc2 31. h4 0-1

[Event "17.Città di Padova Open A"]
[Site "Padova"]
[Date "2014.12.18"]
[Round "6.16"]
[White "Basso, Pier Luigi"]
[Black "Dragojlovic, Andjelko"]
[Result "0-1"]
[WhiteElo "2359"]
[BlackElo "2321"]
[Annotator "Gabriele Ballarin"]
[PlyCount "96"]
[EventDate "2014.12.14"]
[EventType "swiss"]
[EventRounds "9"]
[EventCountry "ITA"]

1. c4 Nf6 2. g3 g6 3. Bg2 Bg7 4. Nc3 c5 5. Nf3 O-O 6. d4 cxd4 7. Nxd4 d6 8. O-O a6 9. Bg5 h6 10. Bxf6 Bxf6 11. e3 Nc6 12. Nxc6 bxc6 13. Bxc6 Rb8 14. Rb1 Bf5 15. Be4 Bxc3 16. Bxf5 Bxb2 17. Bc2 Qa5 18. Bb3 Bf6 19. Qd5 Qxd5 20. cxd5 a5 21. Rbc1 Rb4 22. Rc7 a4 23. Bd1 Ra8 24. Rc2 a3 25. Bf3 Rb2 26. Rfc1 Kg7 27. Kf1 Be5 28. Be2 f5 29. h4 $11 Ra5 30. Bf3 Rc5 31. Rxc5 dxc5 32. Rxc5 Rxa2 33. Ra5 Bd6 34. Be2 Rd2 35. Bc4 Rc2 36. Ra4 Kf6 37. Kg2 g5 38. hxg5+ hxg5 39. Kf1 Rb2 40. Ke1 f4 41. gxf4 gxf4 42. exf4 Bb4+ 43. Kd1 Kf5 44. Bd3+ Kxf4 45. Kc1 Kf3 46. Bc2 Kxf2 47. Ra6 Ke3 48. Ra4 Ke2 0-1

[Event "17.Città di Padova Open A"]
[Site "Padova"]
[Date "2014.12.18"]
[Round "6.17"]
[White "Massironi, Marco"]
[Black "Valsecchi, Alessio"]
[Result "0-1"]
[WhiteElo "2236"]
[BlackElo "2432"]
[Annotator "Gabriele Ballarin"]
[PlyCount "124"]
[EventDate "2014.12.14"]
[EventType "swiss"]
[EventRounds "9"]
[EventCountry "ITA"]

1. e4 d5 2. exd5 Qxd5 3. Nc3 Qd6 4. d4 Nf6 5. Nf3 a6 6. g3 b6 7. Bg2 Bb7 8. O-O e6 9. Bf4 Qd8 10. Re1 Be7 11. Qe2 O-O 12. Rad1 Bd6 13. Ne5 Qc8 14. Bxb7 Qxb7 15. Ne4 Nxe4 16. Qxe4 Qxe4 17. Rxe4 Rd8 18. Ree1 f6 19. Nd3 Nc6 20. c3 Kf7 21. Kg2 Ne7 22. Rd2 Bxf4 23. Nxf4 e5 24. Rde2 Nc6 25. dxe5 Nxe5 26. h4 Rd7 27. b3 b5 28. Re4 c5 29. R1e2 Rb8 30. R4e3 Rbd8 31. Re4 Rd1 32. a4 Rc1 33. axb5 axb5 34. R2e3 Rc2 35. Nh3 Kg8 36. g4 c4 37. bxc4 bxc4 38. g5 Rd3 39. gxf6 gxf6 40. Rg3+ Rxg3+ 41. Kxg3 Rxc3+ 42. Kg2 Rb3 43. Nf4 c3 44. Ne2 c2 45. Ra4 Rb1 46. Ra8+ Kf7 47. Rc8 Nd3 48. Rc7+ Kg6 49. h5+ Kh6 50. Rc3 c1=Q 51. Nxc1 Nxc1 52. Rc7 Kg5 53. f4+ Kf5 54. Rf7 h6 55. Rh7 Nd3 56. Rxh6 Nxf4+ 57. Kf3 Rb3+ 58. Kf2 Kg5 59. Rh8 Nxh5 60. Rh7 Kg6 61. Rh8 f5 62. Rf8 Nf4 0-1

[Event "17.Città di Padova Open A"]
[Site "Padova"]
[Date "2014.12.18"]
[Round "6.18"]
[White "Bove, Alessandro"]
[Black "Boraso, Alessio"]
[Result "0-1"]
[WhiteElo "2326"]
[BlackElo "2166"]
[Annotator "Gabriele Ballarin"]
[PlyCount "112"]
[EventDate "2014.12.14"]
[EventType "swiss"]
[EventRounds "9"]
[EventCountry "ITA"]

1. e4 c5 2. Nf3 Nc6 3. Nc3 d6 4. d4 cxd4 5. Nxd4 e5 6. Nf3 Be7 7. Bc4 Be6 8. Bxe6 fxe6 9. O-O Nf6 10. Qd3 Qd7 11. Bg5 O-O 12. Rad1 Rad8 13. Rfe1 Kh8 14. Ne2 Nh5 15. Bc1 Qe8 16. Qb3 Qg6 17. Ng3 Nxg3 18. hxg3 Rd7 19. c3 Rfd8 20. Qa4 Bf6 21. b4 a6 22. Be3 Rc8 23. Qb3 Be7 24. Bb6 Bd8 25. Bxd8 Rcxd8 26. a4 Rc8 27. a5 Qf6 28. Rd2 Nd8 29. c4 Nf7 30. c5 Qe7 31. Red1 Rcd8 32. Qc4 h6 33. g4 d5 34. exd5 exd5 35. Rxd5 Qe6 36. Rxd7 Qxc4 37. Rxd8+ Nxd8 38. Rxd8+ Kh7 39. g5 Qxb4 40. gxh6 gxh6 41. Rd7+ Kg8 42. Rd8+ Kg7 43. Rd7+ Kf6 44. Rd6+ Kf5 45. Rd5 Qxa5 46. Rxe5+ Kf6 47. c6 Qb6 48. cxb7 Qxb7 49. Re3 a5 50. Nd2 Qb2 51. Re2 Kf7 52. f3 a4 53. Kf1 a3 54. Ne4 a2 55. Nd6+ Kf6 56. Ne4+ Kg6 0-1